Vowel-less Fast Food Chains Quiz Stats

 Plays Quiz Updated Jun 17, 2018

Score 0/20 Timer 02:00
3 Plays Today
Vowel-less Name Fast Food Chain % Correct
pzz htPizza Hut
98.2%
mcdnldsMcDonald's
96.8%
tc bllTaco Bell
94.2%
strbcksStarbucks
93.7%
jck n th bxJack in the Box
91.5%
brgr kngBurger King
90.5%
dr qnDairy Queen
88.4%
krsp krmKrispy Kreme
86%
wndsWendy's
85.7%
pnd xprssPanda Express
85.4%
Vowel-less Name Fast Food Chain % Correct
dnkn dntsDunkin' Donuts
85.2%
jmm jhnsJimmy John's
85.2%
pp jhnsPapa John's
83.1%
lttl csrsLittle Caesars
79.8%
dmnsDomino's
78.2%
crls jrCarl's Jr.
77.2%
sbwSubway
76.5%
qznsQuizno's
75%
fv gsFive Guys
74.6%
ppsPopeyes
49.6%

You're not logged in!

Compare scores with friends on all Sporcle quizzes.
OR
Log In

Sporcle TV

Today on Sporcle TV


Watch our educational content, quiz creation guides, and fun videos on Sporcle TV.

Show Comments

Extras

Top Quizzes Today


Score Distribution

Your Account Isn't Verified!

In order to create a playlist on Sporcle, you need to verify the email address you used during registration. Go to your Sporcle Settings to finish the process.

Report this User

Report this user for behavior that violates our Community Guidelines.

Details: